[Event "HUN-chT2 Barcza 1617"]
[Site "Hungary"]
[Date "2016.10.30"]
[Round "3.2"]
[White "Hidegh, Gabor"]
[Black "Kurilo, Vladyslav"]
[Result "1/2-1/2"]
[WhiteElo "2102"]
[BlackElo "2156"]
[PlyCount "48"]
[EventDate "2016.09.25"]
[EventType "team-tourn"]
[EventRounds "11"]
[EventCountry "HUN"]
[SourceTitle "EXT 2021"]
[Source "ChessBase"]
[SourceDate "2020.10.23"]
[SourceVersion "1"]
[SourceVersionDate "2020.10.23"]
[SourceQuality "1"]
[WhiteTeam "Bajnok Sakkiskola"]
[BlackTeam "Miskolc Kisbocsok"]
[WhiteTeamCountry "HUN"]
[BlackTeamCountry "HUN"]

1. d4 f5 2. Nf3 Nf6 3. Bg5 Ne4 4. h4 Nxg5 5. hxg5 g6 6. c3 Bg7 7. Nbd2 0-0 8. e3 d5 9. Ne5 Bxe5 10. dxe5 c5 11. f4 e6 12. Qf3 Qc7 13. Be2 b6 14. Rh6 Ba6 15. 0-0-0 Bxe2 16. Qxe2 Nc6 17. Rdh1 Rf7 18. g4 Rd8 19. Qh2 Rg7 20. gxf5 exf5 21. Kb1 b5 22. Nb3 c4 23. Nd4 Nxd4 24. exd4 Re8 1/2-1/2

[Event "Moscow op-A"]
[Site "Moscow"]
[Date "2016.01.31"]
[Round "2"]
[White "Mikhailov, Viacheslav"]
[Black "Kurilo, Vladyslav"]
[Result "1-0"]
[WhiteElo "2332"]
[BlackElo "2160"]
[PlyCount "81"]
[EventDate "2016.01.30"]
[EventType "swiss"]
[EventRounds "9"]
[EventCountry "RUS"]
[SourceTitle "CBM 170 Extra"]
[Source "ChessBase"]
[SourceDate "2016.02.25"]
[SourceVersion "1"]
[SourceVersionDate "2016.02.25"]
[SourceQuality "1"]

1. c4 f5 2. Nc3 Nf6 3. g3 d6 4. Bg2 g6 5. Nf3 Bg7 6. 0-0 0-0 7. d4 Qe8 8. b3 c6 9. Qc2 Na6 10. Ba3 Rb8 11. b4 b5 12. c5 dxc5 13. dxc5 e5 14. Rad1 Nc7 15. Bb2 Nfd5 16. e4 fxe4 17. Nxe4 Bg4 18. Qb3 Kh8 19. Rde1 Bxf3 20. Bxf3 Nxb4 21. Qxb4 Rxf3 22. Ng5 Rf5 23. Qh4 h5 24. Ne4 Qe6 25. Nd6 Rff8 26. Qe4 Nd5 27. f4 Ne7 28. Bxe5 Bxe5 29. fxe5 Nd5 30. Qd4 Kg7 31. Ne4 Rxf1+ 32. Rxf1 Rf8 33. Re1 Rf5 34. Nd6 Rf8 35. Qd2 Ne7 36. Qb2 Kh7 37. Ne4 Rf5 38. Qd2 Kg7 39. Ng5 Qc4 40. Qd6 Nc8 41. Qd7+ 1-0

[Event "Chigorin Memorial 23rd"]
[Site "St Petersburg"]
[Date "2015.10.10"]
[Round "8"]
[White "Nuritdinov, Nizomiddin"]
[Black "Kurilo, Vladyslav"]
[Result "0-1"]
[WhiteElo "1918"]
[BlackElo "2088"]
[PlyCount "61"]
[EventDate "2015.10.03"]
[EventType "swiss"]
[EventRounds "9"]
[EventCountry "RUS"]
[SourceTitle "CBM 168 Extra"]
[Source "ChessBase"]
[SourceDate "2015.10.29"]
[SourceVersion "1"]
[SourceVersionDate "2015.10.29"]
[SourceQuality "1"]

1. d4 f5 2. Nf3 Nf6 3. b3 d6 4. Bb2 g6 5. Nbd2 Bg7 6. e3 0-0 7. c4 Qe8 8. Qc2 Nbd7 9. d5 a5 10. Nd4 Nc5 11. Be2 c6 12. dxc6 bxc6 13. Bf3 Bd7 14. g3 e5 15. Ne2 e4 16. Bg2 Nd3+ 17. Kf1 Nxb2 18. Qxb2 Nd5 19. Qc1 Bxa1 20. Qxa1 Nb4 21. h4 Qe5 22. Qb1 a4 23. a3 axb3 24. Qxb3 Qa1+ 25. Nb1 Nd3 26. Nec3 Rfb8 27. Qd1 Qb2 28. Qe2 Qxb1+ 29. Nxb1 Rxb1+ 30. Qd1 Rxd1+ 31. Ke2 0-1

[Event "Chigorin Memorial 23rd"]
[Site "St Petersburg"]
[Date "2015.10.08"]
[Round "6"]
[White "Sakorenko, Adriana"]
[Black "Kurilo, Vladyslav"]
[Result "0-1"]
[WhiteElo "1935"]
[BlackElo "2088"]
[PlyCount "118"]
[EventDate "2015.10.03"]
[EventType "swiss"]
[EventRounds "9"]
[EventCountry "RUS"]
[SourceTitle "CBM 168 Extra"]
[Source "ChessBase"]
[SourceDate "2015.10.29"]
[SourceVersion "1"]
[SourceVersionDate "2015.10.29"]
[SourceQuality "1"]

1. e4 c6 2. d4 d5 3. exd5 cxd5 4. c4 Nf6 5. Nc3 Nc6 6. Bg5 Be6 7. Nf3 Qa5 8. Bxf6 exf6 9. c5 Bxc5 10. dxc5 d4 11. Nxd4 0-0-0 12. Qa4 Qxa4 13. Nxa4 Rxd4 14. Nc3 Nb4 15. Rd1 Rxd1+ 16. Kxd1 Rd8+ 17. Kc1 Nxa2+ 18. Nxa2 Bxa2 19. Kc2 Be6 20. Be2 Bd5 21. Bd3 Re8 22. f3 Kc7 23. b4 a6 24. Kc3 h6 25. Rd1 Be6 26. Bc2 g5 27. Re1 Rg8 28. Re3 f5 29. Re5 f4 30. h3 Rd8 31. Re1 b6 32. cxb6+ Kxb6 33. Bd3 a5 34. bxa5+ Kxa5 35. Ra1+ Kb6 36. Rb1+ Kc5 37. Rb5+ Kd6 38. Rb2 Rc8+ 39. Kd2 Ra8 40. Kc3 Ra3+ 41. Kd4 Ra4+ 42. Kc3 Ra1 43. Be4 Ke5 44. Rb5+ Kf6 45. Rb2 Rd1 46. Bd3 Rg1 47. Kd4 h5 48. Rf2 Rd1 49. Kc3 Bf5 50. Bxf5 Kxf5 51. Rd2 Rg1 52. Kd4 f6 53. Re2 Rd1+ 54. Kc3 g4 55. hxg4+ hxg4 56. Rd2 Rxd2 57. Kxd2 gxf3 58. gxf3 Kg5 59. Kd3 Kh4 0-1

[Event "Minsk op"]
[Site "Minsk"]
[Date "2013.07.13"]
[Round "1"]
[White "Nechaeva, Marina"]
[Black "Kurilo, Vladyslav"]
[Result "1-0"]
[WhiteElo "2368"]
[BlackElo "1790"]
[PlyCount "139"]
[EventDate "2013.07.13"]
[EventType "swiss"]
[EventRounds "9"]
[EventCountry "BLR"]
[SourceTitle "CBM 155 Extra"]
[Source "ChessBase"]
[SourceDate "2013.08.26"]
[SourceVersion "1"]
[SourceVersionDate "2013.08.26"]
[SourceQuality "1"]

1. d4 Nf6 2. c4 e6 3. Nc3 d5 4. cxd5 exd5 5. Bg5 Be7 6. e3 0-0 7. Bd3 c6 8. Qc2 h6 9. Bf4 Be6 10. h3 Nbd7 11. Nge2 Qa5 12. Bh2 b5 13. 0-0 b4 14. Na4 Rac8 15. Nf4 c5 16. Nxe6 fxe6 17. Nxc5 Nxc5 18. dxc5 Rxc5 19. Qb3 Rc6 20. Rac1 Rfc8 21. Rxc6 Rxc6 22. Bb1 Qb5 23. Re1 Qc4 24. Qd1 Ne4 25. Be5 Bf6 26. Bd4 a5 27. Bd3 Qxa2 28. Bxe4 Bxd4 29. Bb1 Qxb2 30. exd4 b3 31. Qh5 Rc8 32. Qg6 Rf8 33. Qh7+ Kf7 34. Bg6+ Kf6 35. Bh5 Qc2 36. Bg6 Qd2 37. Re3 Qxd4 38. Bh5 Ke7 39. Qg6 Qa1+ 40. Kh2 Qf6 41. Qg3 Qf4 42. Rxb3 Qxg3+ 43. Kxg3 a4 44. Ra3 Ra8 45. Bd1 Kf6 46. Rxa4 Rc8 47. Ra6 Rc7 48. Bg4 Re7 49. Kf4 g6 50. Ke3 h5 51. Be2 Rb7 52. h4 Rb4 53. g3 Re4+ 54. Kd3 g5 55. hxg5+ Kxg5 56. f3 Rb4 57. Rxe6 h4 58. gxh4+ Rxh4 59. Re5+ Kf6 60. Rxd5 Ra4 61. Ke3 Ke6 62. Rb5 Ra3+ 63. Bd3 Ra4 64. f4 Kf6 65. Rb6+ Ke7 66. f5 Rh4 67. Be4 Rh2 68. f6+ Kf7 69. Bd5+ Kf8 70. Rb8# 1-0